000 00772cam a2200277uu 4500
001 4485882
003 ARRUPE
005 20160812095804.0
008 740905s1962 stk 001 0 eng u
010 _a62066225
035 _a(OCoLC)998703
035 _a(OCoLC)ocm00998703
035 _a(NNC)4485882
040 _cMNtcA
_dNNUT
_dCStRLIN
041 0 _aengheb
050 0 _aPJ4567
_b.D37 1962
090 _aPJ4567
_b.D37 1962
100 1 _aDavidson, A. B.
_q(Andrew Bruce),
_d1831-1902.
_924920
245 1 3 _aAn introductory Hebrew grammar :
_c A. B. Davidson.
250 _a3th ed.
260 _aEdinburgh :
_bT. & T. Clark,
_c1967
300 _a192 p. ;
_c22 cm.
650 0 _aHebrew language
_xSyntax
_xKey
_924921
942 _2lcc
_cMONOGRAPH
999 _c124956
_d124956